01217nam a22001577a 4500003000900000005001700009008004100026040001300067100006100080245009600141250000700237260003200244300002000276490001700296520074600313IT-RoPau20220918175937.0130112b xxu||||| |||| 00| 0 eng d cIT-RoPau aAlberione Santiago [Giacomo]qFondatore Famiglia Paolina aAbundantes divitiae... Yo estoy con ustedes.bHistoria carismática de la Familia Paulina aII aAvenida TaxquenabSSPc1997 a103 p.c19,5 cm aSan PablovI aINDICE Presentacion "ABUNDANTES DIVITIAE GRATIAE SUAE" MOMENTOS DE MAYOR GRACIA LA MISION PARTICULAR DE UNA SIMPLE ORGANIZACION A LA VIDA RE- LIGIOSA COMUNITARIA LA FAMILIA PAULINA JUVENTUD PREDILECCION DIVINA LA CONDUCTA DE DIOS LA ROMANIDAD ESPIRITU SOCIAL EL ESPIRITU LITURGICO TRES IGLESIAS PRINCIPALES CATECISMO ESPIRITU PASTORAL SAL...LUZ...CIUDAD... ESPIRITU PAOLINO PRIMEIROS PREPARATIVOS EN ROMA EXPANSION EL DON Y LA RIQUEZA DE LOS COOPERADORES EL TRABAJO PROVIDENCIA EVANGELIO DESARROLLO DE LA PERSONALIDAD "NO TEMAN..." ASISTENCIA DIVINA PROFUNDIDAD ESPIRITUAL LAS DEVOCIONES COSAS POR REALIZAR ACCION DE GRACIAS CONCLUSION UN TEXTO DE 1924 Principales acontecimientos en la vida del P. Alberione Foto-reportaje histórico